[Event "EYCC 2024 - G12"]
[Site "?"]
[Date "2024.08.24"]
[Round "3.16"]
[White "Ejsymont, Blanka"]
[Black "Hakobyan, Mane"]
[Result "1-0"]
[BlackElo "1522"]
[WhiteElo "1861"]
[LiveChessVersion "1.4.8"]

1. e4 {[%clk 1:30:58]} c6 {[%clk 1:30:55]} 2. d4 {[%clk 1:31:22]} d5
{[%clk 1:31:21]} 3. e5 {[%clk 1:31:47]} Bf5 {[%clk 1:31:47]} 4. h4
{[%clk 1:32:10]} h5 {[%clk 1:32:12]} 5. Bd3 {[%clk 1:32:32]} Bxd3
{[%clk 1:32:33]} 6. Qxd3 {[%clk 1:32:57]} Qa5+ {[%clk 1:32:56]} 7. Nd2
{[%clk 1:33:19]} e6 {[%clk 1:33:17]} 8. Ngf3 {[%clk 1:33:17]} Nh6
{[%clk 1:33:34]} 9. O-O {[%clk 1:32:51]} Nf5 {[%clk 1:33:53]} 10. Nb3
{[%clk 1:32:34]} Qa6 {[%clk 1:34:05]} 11. Qd1 {[%clk 1:32:54]} b6
{[%clk 1:34:19]} 12. Bg5 {[%clk 1:32:43]} c5 {[%clk 1:34:32]} 13. dxc5
{[%clk 1:32:37]} Bxc5 {[%clk 1:34:47]} 14. c3 {[%clk 1:31:50]} Nc6
{[%clk 1:29:58]} 15. Re1 {[%clk 1:29:57]} Qa4 {[%clk 1:21:32]} 16. Qd2
{[%clk 1:20:39]} O-O {[%clk 1:16:03]} 17. Nxc5 {[%clk 1:05:17]} bxc5
{[%clk 1:05:56]} 18. b3 {[%clk 0:50:23]} Qb5 {[%clk 0:46:36]} 19. Bf6 g6
{[%clk 0:32:31]} 20. Qg5 Rfb8 {[%clk 0:31:11]} 21. g4 {[%clk 0:37:24]} hxg4
{[%clk 0:24:23]} 22. Nd2 {[%clk 0:28:48]} Kf8 {[%clk 0:22:10]} 23. c4 Qb4
{[%clk 0:19:47]} 24. a3 {[%clk 0:24:38]} Qc3 25. h5 {[%clk 0:19:50]} gxh5
{[%clk 0:18:11]} 26. cxd5 {[%clk 0:16:22]} Ncd4 {[%clk 0:15:39]} 27. dxe6
{[%clk 0:08:09]} Qxd2 {[%clk 0:14:36]} 28. Qxh5 fxe6 {[%clk 0:14:00]} 29. Qh8+
{[%clk 0:01:54]} Kf7 {[%clk 0:14:02]} 30. Qh5+ {[%clk 0:02:08]} Kg8
{[%clk 0:13:03]} 31. Qh8+ {[%clk 0:00:41]} Kf7 {[%clk 0:13:17]} 32. Qh5+
{[%clk 0:01:05]} Kg8 {[%clk 0:13:09]} 33. Qh8+ {[%clk 0:00:36]} Kf7
{[%clk 0:13:34]} 34. Qh5+ {[%clk 0:01:02]} Kg8 {[%clk 0:13:50]} 35. Qh8+
{[%clk 0:00:40]} Kf7 {[%clk 0:14:01]} 36. Qh5+ {[%clk 0:01:03]} Kg8
{[%clk 0:14:06]} 37. Re4 {[%clk 0:00:35]} Nf3+ {[%clk 0:10:54]} 38. Kg2
{[%clk 0:00:35]} N3h4+ 39. Kg1 Nf3+ {[%clk 0:09:44]} 40. Kh1 {[%clk 0:00:37]} Qh6
{[%clk 0:08:19]} 41. Rxg4+ {[%clk 0:00:55]} Kh7 {[%clk 0:08:18]} 42. Qxh6+
{[%clk 0:01:16]} Kxh6 {[%clk 0:07:53]} 43. Kg2 {[%clk 0:01:34]} N3h4+
{[%clk 0:06:58]} 44. Bxh4 {[%clk 0:01:17]} Nxh4+ {[%clk 0:07:24]} 45. Rxh4+
{[%clk 0:01:42]} Kg5 {[%clk 0:07:50]} 46. Rh3 {[%clk 0:00:38]} Kf5
{[%clk 0:07:35]} 47. Re3 {[%clk 0:00:37]} Rb7 {[%clk 0:06:24]} 48. Rc1
{[%clk 0:00:49]} Rg8+ {[%clk 0:05:27]} 49. Kf3 {[%clk 0:01:05]} Rc8
{[%clk 0:03:53]} 50. Rc4 {[%clk 0:01:09]} a5 {[%clk 0:02:49]} 51. Rf4+
{[%clk 0:00:41]} Kg5 {[%clk 0:03:11]} 52. Rf6 {[%clk 0:00:42]} Rc6
{[%clk 0:02:50]} 53. Kg2 {[%clk 0:00:37]} Rd7 {[%clk 0:02:00]} 54. Rg3+
{[%clk 0:00:35]} Kh5 {[%clk 0:02:22]} 55. Rf8 {[%clk 0:00:35]} Rh7
{[%clk 0:02:11]} 56. Rh3+ {[%clk 0:01:01]} Kg6 {[%clk 0:02:37]} 57. Rf6+
{[%clk 0:01:27]} Kg7 {[%clk 0:02:16]} 58. Rg3+ {[%clk 0:01:51]} 1-0